000 00601nam a2200193Ia 4500
008 151119s9999||||xx |||||||||||||| ||und||
082 _a920
082 _bGKKV32279
100 _aशहा सुरेखा
245 _aथेंबभर पाणी अनंत आकाश
260 _a-----
260 _b-----
260 _c2010
600 _aशहा सुरेखा
630 _aथेंबभर पाणी अनंत आकाश
700 _aशहा सुरेखा
730 _aथेंबभर पाणी अनंत आकाश
942 _cBOOK
999 _c1084583
_d1084580